Diseño de la encuesta agrícola por muestreo de arroz, maíz y frijoles /

Se refiere a la encuesta agrícola realizada con el fin de obtener información sobre el área cosechada y la producción obtenida, en todo el país, en la primera cosecha de 1965. Metodológicamente, se consideran por separado las provincias de mayor producción de arroz, frijol y maíz: San José, alajuela...

Fuld beskrivelse

Guardado en:
Bibliografiske detaljer
Hovedforfatter: Baptista, Jorge G.
Andre forfattere: Murillo M, Mario
Format: Texto
Udgivet: San José: Publicaciones de la DGEC - Ministerio de Economía y Hacienda
Fag:
Tags: Tilføj Tag
Ingen Tags, Vær først til at tagge denne postø!

MARC

LEADER 00000 a a2200000 04500
001 13162
003
040
090 |a 000400  
100 |a Baptista, Jorge G.  
245 |a Diseño de la encuesta agrícola por muestreo de arroz, maíz y frijoles /  |c Jorge G. Baptista 
260 |a San José:   |b Publicaciones de la DGEC - Ministerio de Economía y Hacienda  
300 |a 55 p  
300 |b **no definido**  
520 |a Se refiere a la encuesta agrícola realizada con el fin de obtener información sobre el área cosechada y la producción obtenida, en todo el país, en la primera cosecha de 1965. Metodológicamente, se consideran por separado las provincias de mayor producción de arroz, frijol y maíz: San José, alajuela, Guanacaste y Puntarenas, y se toman en conjunto las provincias de Cartago, Heredia y Limón, por tener una área cultivada pequeña. Con la encuesta se pretende: conocer el área que se cultivo, el uso de fertilizantes y el crédito con que contó, y hacer predicciones acerca de la segunda cosecha de esos productos. Proporciona información acerca del tamaño de las fincas y la producción. Contiene varios anexos que aportan información sobre la encuesta en sí, algunos mapas y metodología de la encuesta. LOB/mb  
650 |a ENCUESTAS  
650 |a METODOLOGIA  
650 |a METODOS DE INVESTIGACION  
650 |a MUESTREO  
650 |a MANUALES  
650 |a MAPAS  
650 |a COSECHA  
650 |a GRANJAS  
650 |a DISTRIBUCION GEOGRAFICA  
700 |a Murillo M, Mario  
999 |c 10298  |d 10298